Chile: campaña por una educación humana no sexista

Zapisane w:
Opis bibliograficzny
Format: Texto
Hasła przedmiotowe:
Etykiety: Dodaj etykietę
Nie ma etykietki, Dołącz pierwszą etykiete!

MARC

LEADER 00000 a a2200000 04500
001 18499
003
040
245 |a Chile: campaña por una educación humana no sexista  
650 |a EDUCACION  
650 |a ANALISIS DE GENERO  
650 |a REFORMA EDUCATIVA  
773 |g número 7; páginas 2-5  
999 |c 35663  |d 35663